000 01112nam0a22002891 4500
001 rc\2312394
005 20250623074326.0
035 _a(NLR Aleph) 006671178
090 _a4989879
_c4989879
100 _a20110829d1977 |||y0rusy50 ca
101 0 _arus
102 _aRU
105 _aa z |||a|
200 1 _aОбновляя землю
_e[Рассказ машиниста экскаватора ЭТЦ-202 Черняхов. ПМК-15 об-ния "Калининградмелиорация"]
_f[Лит. запись В.В. Нефедова
_gПредисл. Г.И. Ватутина]
210 _aКалининград
_cКн. изд-во
_d1977
215 _a38 с.
_cил.
_d17
225 1 _aОпыт мастеров
606 _aДреноукладчики
_xЭксплуатация
_2rkp
700 1 _aБрюшко
_bА.Л.
_gАлексей Леонтьевич
702 1 _aНефедов
_bВ.В.
_4570
702 1 _aВатутин
_bГ.И.
_4080
801 0 _aRU
_bNLR
_gpsbo
801 1 _aRU
_bELAR
_2rusmarc
852 _aNLR
_j78-2/688
899 _aRuMoRGB
_jМ 78-10/22
942 _cBOOK
980 _aNB